000 00586nam a2200241Ia 4500
003 OSt
005 20220924144503.0
006 a|||||r|||| 00| 0
007 ta
008 220923b |||||||| |||| 00| 0 urd d
020 _c15
024 _a314860
037 _cTextual
040 _aARTS
_cARTS
_burd
041 _2urd
_aurd
082 _aO168,1N34x, M4
100 _aDehalvi Ameer
_9217719
245 0 _aSharah-e-jazbaat
260 _c1984
650 _aURDU POETRY
942 _hO168,1N34x, M4
_cTEXL
_2CC
999 _c457220
_d457220